000 00625nam a22001937a 4500
999 _c7158
_d7158
003 AR-CdUCM
008 190320b ||||| |||| 00| 0 spa d
040 _aMUNICIPALIDAD PROVINCIAL DEL CUSCO
_cBIBLIOTECA MUNICIPAL DEL CUSCO
082 _a465 /
_bM26
_22 ed.
100 _aMartinez Lopez, Pedro
_920186
245 _aGramática de la lengua Castellana /
260 _aParis :
_bLibrería de Rosa,
_c1847.
300 _a413 páginas ;
_c28 cm
500 _aDonación de la familia Nieto. Dividido en 4 capítulos
650 _aLengua española
_91124
650 _aGramática
_99175
942 _2ddc
_cLIBROS
945 _araen